Statistics for Musical Instruments A-Z

Click here to take the quiz!

General Stats

  • This quiz has been taken 205 times
  • The average score is 12 of 26

Answer Stats

ClueInstrument% Correct
BMusical instrument mostly associated with ScotlandBagpipes
98%
VInstrument with one pitch lower than the violinViola
87%
HType of stringed musical instrument that appears on the Irish coat of armsHarp
86%
USmall guitar popular in HawaiiUkulele
85%
XCommon percussion instrumentXylophone
83%
GIt is struck with a hammer to signal the start and end of each round in boxingGong
83%
AIt is colloquially referred to as a squeezeboxAccordion
82%
DTube-shaped musical instrument of Indigenous AustraliansDidgeridoo
80%
CInstrument played in J.B. Bach's "Suite No. 1 in G Major"Cello
77%
MShaken by a handle and usually played as part of a pairMaraca
71%
JMost famous Christmas song has the namesake of this musical instrumentJingle Bell
69%
SInstrument played by Ravi ShankarSitar
66%
LEuropean version of a Persian barbat or an Arab oudLute
54%
PMusical instrument mostly used in the Western Christian churchesPipe Organ
45%
ZString instrument with wooden frameZither
39%
FInstrument that made its first known debut in the comedy-ballet "La Princesse d’Elide"
in Paris in 1664
French Horn
31%
TPercussion instrument that originated in ancient EgyptTambourine
28%
ETwo-stringed Chinese instrumentErhu
24%
RIt actually does not do what its name says it doesRecorder
19%
OSmall Chinese wind musical instrumentOcarina
16%
KMusical instrument traditional to the Shona people of ZimbabweKalimba
10%
WChinese instrument with the namesake of a technique for printingWoodblock
3%
NThe predecessor to the modern-day version of FNatural Horn
3%
QLatin American string instrument that is derived from the Spanish guitarQuatro
2%
ILamellaphone common amongst the Bahutu of Rwanda, BurundiIkembe
1%
YChinese instrument sometimes known by the names "santoor" and "cymbalom"Yangqin
1%

Score Distribution

Percentile by Number Answered

Percent of People with Each Score

Your Score History

You have not taken this quiz